000
00308nam a2200133Ia 4500
008
140130s9999 xx 000 0 und d
245
_c
Polacco, Patricia
_a
Mr. Lincoln's way
260
_b
Scholastic,
_c
2001
300
_a
38
440
_v
1
521
_a
Grade 1 - Grade 2
942
_c
BK
999
_c
40390
_d
40390